Á lódáil...

Handbook on Irrigation and Drainage

Sonraí Bibleagrafaíochta
Príomhúdar: Balram Panigrahi
Formáid: Printed Book
Teanga:Undetermined
English
Foilsithe: New Delhi New India Publishing Agency 2013
Ábhair:
LEADER 00605nam a2200181Ia 4500
008 140306s9999 xx 000 0 und d
020 |a 9789381450888 
041 |a eng 
082 |a 631.7  |b BAL/HA 
100 |a Balram Panigrahi 
245 |a Handbook on Irrigation and Drainage 
260 |a New Delhi  |b New India Publishing Agency  |c 2013 
300 |a 602 
365 |b 2950.00 
650 |a Irrigation and Drainage 
942 |2 ddc  |c BK 
999 |c 124799  |d 124799 
952 |0 0  |1 0  |2 ddc  |4 0  |6 631_700000000000000_BALHA  |7 0  |9 124761  |a KAUHCV  |b KAUHCV  |d 2014-02-19  |g 2950.00  |o 631.7 BAL/HA  |p KAU_HCV-31223  |r 2014-03-22  |w 2014-03-22  |y BK